<?xml version="1.0" encoding="UTF-8"?>
<record
    xmlns:xsi="http://www.w3.org/2001/XMLSchema-instance"
    xsi:schemaLocation="http://www.loc.gov/MARC21/slim http://www.loc.gov/standards/marcxml/schema/MARC21slim.xsd"
    xmlns="http://www.loc.gov/MARC21/slim">

  <leader>02837nam a2200433 a 4500</leader>
  <controlfield tag="001">24553</controlfield>
  <controlfield tag="003">FlNmELB</controlfield>
  <controlfield tag="005">20241216214157.0</controlfield>
  <controlfield tag="006">m     o  d |      </controlfield>
  <controlfield tag="007">cr cn|||||||||</controlfield>
  <controlfield tag="008">201011r2007    ag |||||s|||||||||||spa d</controlfield>
  <datafield tag="035" ind1=" " ind2=" ">
    <subfield code="a">(MiAaPQ)EBC3189126</subfield>
  </datafield>
  <datafield tag="035" ind1=" " ind2=" ">
    <subfield code="a">(Au-PeEL)EBL3189126</subfield>
  </datafield>
  <datafield tag="035" ind1=" " ind2=" ">
    <subfield code="a">(CaPaEBR)ebr10390291</subfield>
  </datafield>
  <datafield tag="035" ind1=" " ind2=" ">
    <subfield code="a">(OCoLC)929019176</subfield>
  </datafield>
  <datafield tag="040" ind1=" " ind2=" ">
    <subfield code="a">FlNmELB</subfield>
    <subfield code="b">spa</subfield>
    <subfield code="c">FlNmELB</subfield>
  </datafield>
  <datafield tag="050" ind1=" " ind2="4">
    <subfield code="a">JC423</subfield>
    <subfield code="b">F699 2007</subfield>
  </datafield>
  <datafield tag="080" ind1=" " ind2=" ">
    <subfield code="a">336.145</subfield>
  </datafield>
  <datafield tag="080" ind1=" " ind2=" ">
    <subfield code="a">364.462</subfield>
  </datafield>
  <datafield tag="082" ind1="0" ind2="4">
    <subfield code="a">321.8</subfield>
    <subfield code="2">22</subfield>
  </datafield>
  <datafield tag="100" ind1="1" ind2=" ">
    <subfield code="a">Ford, Alberto.</subfield>
  </datafield>
  <datafield tag="245" ind1="1" ind2="0">
    <subfield code="a">Experimentos democr&#xE1;ticos</subfield>
    <subfield code="h">[recurso electronico] :</subfield>
    <subfield code="b">asambleas barriales y presupuesto participativo en Rosario, 2002-2005 /</subfield>
    <subfield code="c">Alberto Ford ; director de tesis Pablo Forni.</subfield>
  </datafield>
  <datafield tag="260" ind1=" " ind2=" ">
    <subfield code="a">[Buenos Aires, Argentina] :</subfield>
    <subfield code="b">FLACSO. Sede Acad&#xE9;mica Argentina,</subfield>
    <subfield code="c">2007.</subfield>
  </datafield>
  <datafield tag="300" ind1=" " ind2=" ">
    <subfield code="a">345 p.</subfield>
  </datafield>
  <datafield tag="520" ind1=" " ind2=" ">
    <subfield code="a">El tema de esta tesis es la participaci&#xF3;n democr&#xE1;tica directa. Se describen experiencias participativas concretadas en la ciudad argentina de Rosario luego de la crisis org&#xE1;nica de 2001 y se analizan las formas en que los actores proponen sus propias reglas, discuten argumentos, negocian intereses, deciden asuntos y se implican afectivamente. El objeto del estudio son las asambleas barriales autoorganizadas y el presupuesto participativo en la ciudad de Rosario entre 2002 y 2005. El punto de partida te&#xF3;rico de esta investigaci&#xF3;n son las teor&#xED;as sobre la democracia participativa y la teor&#xED;a de la estructuraci&#xF3;n de Anthony Giddens. Metodol&#xF3;gicamente, la investigaci&#xF3;n tiene un sesgo cualitativo interpretativo que pone en primer lugar la observaci&#xF3;n directa y las opiniones de los participantes respecto de su acci&#xF3;n. Dentro de un enfoque basado en el muestreo te&#xF3;rico, las t&#xE9;cnicas de investigaci&#xF3;n son variadas: el lugar fundamental lo tienen las entrevistas a los actores y la observaci&#xF3;n participante y no participante de asambleas a lo largo de tres a&#xF1;os, el lugar subsidiario lo tienen el an&#xE1;lisis documental y estad&#xED;stico. Las diferentes conclusiones pueden articularse en una general: la participaci&#xF3;n democr&#xE1;tica directa es un experimento p&#xFA;blico, emplazado, plural, horizontal, aut&#xF3;nomo y de implicaci&#xF3;n personal.</subfield>
  </datafield>
  <datafield tag="533" ind1=" " ind2=" ">
    <subfield code="a">Recurso electr&#xF3;nico. Santa Fe, Arg.: e-libro, 2015. Disponible v&#xED;a World Wide Web. El acceso puede estar limitado para las bibliotecas afiliadas a e-libro.</subfield>
  </datafield>
  <datafield tag="650" ind1=" " ind2="0">
    <subfield code="a">Presupuestos.</subfield>
  </datafield>
  <datafield tag="650" ind1=" " ind2="0">
    <subfield code="a">Asambleas barriales.</subfield>
  </datafield>
  <datafield tag="650" ind1=" " ind2="0">
    <subfield code="a">Participaci&#xF3;n social.</subfield>
  </datafield>
  <datafield tag="650" ind1=" " ind2="0">
    <subfield code="a">Autonom&#xED;a.</subfield>
  </datafield>
  <datafield tag="650" ind1=" " ind2="0">
    <subfield code="a">Direct democracy.</subfield>
  </datafield>
  <datafield tag="650" ind1=" " ind2="0">
    <subfield code="a">Political participation.</subfield>
  </datafield>
  <datafield tag="653" ind1=" " ind2=" ">
    <subfield code="a">Participacion social</subfield>
  </datafield>
  <datafield tag="653" ind1=" " ind2=" ">
    <subfield code="a">Autonomia</subfield>
  </datafield>
  <datafield tag="655" ind1=" " ind2="4">
    <subfield code="a">Libros electr&#xF3;nicos.</subfield>
  </datafield>
  <datafield tag="700" ind1="1" ind2=" ">
    <subfield code="a">Forni, Pablo.</subfield>
  </datafield>
  <datafield tag="710" ind1="2" ind2=" ">
    <subfield code="a">e-libro, Corp.</subfield>
  </datafield>
  <datafield tag="856" ind1="4" ind2="0">
    <subfield code="u">https://elibro.net/ereader/politecnicointernacional/86870</subfield>
  </datafield>
  <datafield tag="999" ind1=" " ind2=" ">
    <subfield code="c">24553</subfield>
    <subfield code="d">24553</subfield>
  </datafield>
</record>
